| Tag |
First Indicator |
Second Indicator |
Subfields |
| LEADER |
00000cam a2200000 4500 |
| 001 |
in00000364607 |
| 005 |
20151011073905.0 |
| 008 |
741114s1970 nyu 00010 eng |
| 010 |
|
|
|a 72014328
|
| 035 |
|
|
|a (OCoLC)01075514
|
| 035 |
|
|
|9 ABP4097AM
|
| 040 |
|
|
|c CSU
|d TXA
|d UtOrBLW
|
| 049 |
|
|
|a TXAM
|c [1535958]
|
| 050 |
0 |
0 |
|a ML50.H605
|b Y72 1970
|
| 082 |
0 |
|
|a 782.8/1/2
|
| 100 |
1 |
|
|a Hester, Hal.
|
| 240 |
1 |
0 |
|a Your own thing. Libretto. English
|
| 245 |
1 |
0 |
|a Your own thing /
|c Book by Donald Driver. Music and lyrics by Hal Hester and Danny Apolinar. Twelfth night [by] William Shakespeare. Introd. and notes by Stewart H. Benedict.
|
| 264 |
|
1 |
|a [New York] :
|b [Dell Pub. Co.],
|c [1970]
|
| 300 |
|
|
|a 204 pages ;
|c 18 cm.
|
| 336 |
|
|
|a text
|b txt
|2 rdacontent
|
| 337 |
|
|
|a unmediated
|b n
|2 rdamedia
|
| 338 |
|
|
|a volume
|b nc
|2 rdacarrier
|
| 490 |
0 |
|
|a Laurel-leaf library, 9849
|
| 500 |
|
|
|a Cover title: Your own thing and Twelfth night; the smash-hit rock-musical together with the renowned Shakespearean comedy on which it is based.
|
| 650 |
|
0 |
|a Musicals
|v Librettos.
|
| 700 |
1 |
|
|a Shakespeare, William,
|d 1564-1616.
|t Twelfth night.
|f 1970.
|
| 700 |
1 |
|
|a Apolinar, Danny.
|
| 700 |
1 |
|
|a Driver, Donald.
|t Your own thing.
|
| 740 |
0 |
|
|a Twelfth night.
|
| 999 |
|
|
|a MARS
|
| 999 |
f |
f |
|s 85cc77d8-9b1c-3699-a138-d68290905c96
|i b3845c77-db9f-3f0c-aeba-22bef0f16621
|t 0
|
| 952 |
f |
f |
|p ric
|a Texas A&M University
|b Rellis Campus
|c Joint Library Facility
|d Remote Storage
|t 0
|e ML50.H605 Y72 1970
|h Library of Congress classification
|i unmediated -- volume
|m A14803345579
|
| 998 |
f |
f |
|a ML50.H605 Y72 1970
|t 0
|l Remote Storage
|